[Event "NCA-ch Fase 2"]
[Site "Managua"]
[Date "2022.02.06"]
[Round "8"]
[White "Rodriguez Guerrero, Cristhian David"]
[Black "Martinez Thomas, Gregory Aubrey"]
[Result "0-1"]
[WhiteElo "1764"]
[BlackElo "1461"]
[PlyCount "72"]
[EventDate "2022.01.22"]
[EventType "swiss"]
[EventRounds "9"]
[EventCountry "NCA"]
[SourceTitle "CBM 207 Extra"]
[Source "ChessBase"]
[SourceDate "2022.05.31"]
[SourceVersion "1"]
[SourceVersionDate "2022.05.31"]
[SourceQuality "1"]

1. e4 e5 2. Nf3 Nc6 3. Bc4 Bc5 4. 0-0 Nf6 5. d3 0-0 6. c3 d5 7. exd5 Nxd5 8. b4 Be7 9. Re1 Bg4 10. h3 Bh5 11. g4 Bg6 12. Nxe5 Nxe5 13. Rxe5 c6 14. d4 Kh8 15. Bd3 Bd6 16. Re1 f5 17. gxf5 Bxf5 18. Bxf5 Rxf5 19. Qg4 Qf6 20. Rf1 Nf4 21. Bxf4 Rxf4 22. Qg2 Rf5 23. Kh1 Rg5 24. Qe4 Qh6 25. Qe3 Qg6 26. Nd2 Rg2 27. Nf3 Rf8 28. Rg1 Rxf3 29. Rxg2 Rxe3 30. Rxg6 Rxh3+ 31. Kg2 Rh2+ 32. Kg1 hxg6 33. Re1 Rh3 34. Rc1 Bf4 35. Rc2 Rd3 36. Kf1 Rd2 0-1